Lumo Stations Quiz - Statistics

General Stats
  • This quiz has been taken 16 times
  • The average score is 5 of 5
Answer Stats
Answer % Correct
Edinburgh Waverley
100%
London King's Cross
100%
Newcastle
100%
Morpeth
86%
Stevenage
79%
No matching quizzes found
Score Distribution
Percent of People with Each Score
Percentile by Number Answered
Your Score History
You have not taken this quiz